| 000 | 00000nam##2200000za#4500 |
| 001 | 9.697601 |
| 003 | CaOODSP |
| 005 | 20210624235544 |
| 007 | cr ||||||||||| |
| 008 | 150407|1954||||xxc|||||o f|0| 0 eng|d |
| 040 | |aCaOODSP|beng |
| 043 | |an-cn--- |
| 086 | 1 |aA22-570/1887E-PDF |
| 110 | 1 |aCanada.|bAgriculture Canada. |bDominion Experimental Farms. |
| 245 | 14|aThe experimental farms of the Dominion of Canada |h[electronic resource] |
| 260 | |aOttawa - Ontario : |bAgriculture Canada. |c1887. |
| 300 | |a12p. |
| 500 | |aHistorical publication digitized by Agriculture and Agri-Food Canada. |
| 590 | |a13-17-Supp|b2013-07-25 |
| 690 | 07|aFarmlands|2gcpds |
| 690 | 07|aAgriculture|2gcpds |
| 690 | 07|aFarming|2gcpds |
| 690 | 07|aScientific research|2gcpds |
| 856 | 40|ahttp://publications.gc.ca|qPDF|s2.80 MB|uhttps://publications.gc.ca/collections/collection_2013/aac-aafc/agrhist/A22-570-1887-eng.pdf |